|
|
|
|
| LEADER |
00690nab a2200181 i 4500 |
| 001 |
acta2170 |
| 005 |
20210608160203.0 |
| 008 |
161015s1974 hu o 0|| eng d |
| 022 |
|
|
|a 0324-7260
|
| 040 |
|
|
|a SZTE Egyetemi Kiadványok Repozitórium
|b hun
|
| 041 |
|
|
|a eng
|
| 100 |
1 |
|
|a Kunsági Elemér
|
| 245 |
1 |
3 |
|a An investigation of the ideals of secondary school students
|h [elektronikus dokumentum] /
|c Kunsági Elemér
|
| 260 |
|
|
|c 1974
|
| 300 |
|
|
|a 135-169
|
| 490 |
0 |
|
|a Acta Universitatis Szegediensis de Attila József nominatae : sectio paedagogica et psychologica
|v 17
|
| 695 |
|
|
|a Neveléstudomány
|
| 856 |
4 |
0 |
|u http://acta.bibl.u-szeged.hu/2170/1/paed_psych_017_135-169.pdf
|z Dokumentum-elérés
|